Raktárirányítás produktivitásának fejlesztése

Bibliographic Details
Main Author: Bathó Barbara
Other Authors: Lipák Mária
Format: Project work
Kulcsszavak:fejlesztés(ek)
globális vállalatok
ipari mérnök
logisztika
raktározás
Online Access:http://dolgozattar.uni-bge.hu/59745

MARC

LEADER 00000nnm a2200000 i 4500
001 dolg59745
005 20260409145517.0
008 260409suuuu hu o 000 hun d
040 |a BGE Dolgozattár Repozitórium  |b hun 
041 |a hu 
100 1 |a Bathó Barbara 
245 1 0 |a Raktárirányítás produktivitásának fejlesztése  |c Bathó Barbara  |h [elektronikus dokumentum] 
516 |a Project_work 
520 3 |a Jelen projektmunkám a hatvani Robert Bosch gyárban készült raktárirányítási projektről szól ipari mérnöki szemszögből. A projekt során a logisztikai terület emberi tevékenységeinek optimalizálása került górcső alá. A projektben alkalmazott eszközök és eljárások (MTM, BPS, LPA) mind velejárói a Bosch mindennapjainak és szerves része az ipari mérnöki munkának a szem előtt tartásuk. A projekt során konkrétan megfogalmazásra kerülnek az eljárások és a kapott adatok alapján javaslattétel is történik a hibák kiküszöbölésére. 
695 |a fejlesztés(ek) 
695 |a globális vállalatok 
695 |a ipari mérnök 
695 |a logisztika 
695 |a raktározás 
700 1 |a Lipák Mária  |e ths 
856 4 0 |u http://dolgozattar.uni-bge.hu/59745/1/Projektmunka%20-%20Bath%C3%B3%20Barbara%20%28FLGC5C%29.pdf  |z Dokumentum-elérés 
856 4 0 |u http://dolgozattar.uni-bge.hu/59745/2/Titkos%C3%ADt%C3%A1si%20k%C3%A9relem%20%C3%A9s%20eredetis%C3%A9gi%20nyilatkozat.pdf  |z Dokumentum-elérés 
856 4 0 |u http://dolgozattar.uni-bge.hu/59745/3/Bath%C3%B3.pdf  |z Dokumentum-elérés